All 5k+ cities in Nebraska on a map - Statistics

General Stats
  • This quiz has been taken 5 times
  • The average score is 9 of 32
Answers on the Map
Answers color-coded by a green-red scale on the quiz's map according to % correct below.
 
Answer Stats
City Population % Correct
Lincoln 291,082
100%
Omaha 486,051
100%
Bellevue 64,176
67%
Fremont 27,141
67%
Grand Island 53,131
67%
Hastings 25,152
67%
Kearney 33,790
67%
Papillion 24,159
67%
Alliance 8,151
33%
Beatrice 12,261
33%
Columbus 24,028
33%
La Vista 16,746
33%
Nebraska City 7,222
33%
Norfolk 24,955
33%
North Platte 23,390
33%
Scottsbluff 14,436
33%
South Sioux City 14,043
33%
Blair 7,790
0%
Chadron 5,206
0%
Crete 7,099
0%
Gering 8,564
0%
Gretna 5,083
0%
Holdrege 5,515
0%
Lexington 10,348
0%
McCook 7,446
0%
Plattsmouth 6,544
0%
Ralston 6,494
0%
Schuyler 6,547
0%
Seward 7,643
0%
Sidney 6,410
0%
Wayne 5,973
0%
York 8,066
0%
No matching quizzes found
Score Distribution
Percent of People with Each Score
Percentile by Number Answered
Your Score History
You have not taken this quiz